| 000 | 00421cam a2200169ua 4500 | ||
|---|---|---|---|
| 041 |
_aeng _h |
||
| 082 |
_a664.092 _bSAC/FO |
||
| 100 | _aSacharow, Stanley . | ||
| 245 |
_aFood packaging / _cStanley Sacharow. _hTextual Documents |
||
| 250 |
_a1 / _b. |
||
| 260 |
_a : _bThe AVI publishing company , _c1970. |
||
| 300 | _a412 ; . | ||
| 504 | _a | ||
| 700 | 1 | _aGriffin, Roger.C . | |
| 942 | _cBK | ||
| 999 |
_c2497 _d2497 |
||